Endless Forms : Species and Speciation /

Guardado en:
Detalles Bibliográficos
Autor principal: Howard, Daniel J. (ed.)
Otros autores: Berlocher, Stewart H. (edición) (edición)
Formato: Libro
Idioma:Inglés
Publicado: Nueva York, EUA : Oxford University, 1998, c1998
Temas:
Etiquetas: Agrega una etiqueta
Sin etiquetas, Sé el primero en etiquetar este registro!

MARC

LEADER 00000nam^a2200000^a^4500
001 000184599
005 20250521000000.0
009 20260310102123.138
020 |a 0-19-510901-5 
037 |a Acervo ITESO - Biblioteca 
041 |a ING 
082 |a 575. 2  |b HOW 
100 |a Howard, Daniel J.  |e (ed.) 
245 1 0 |a Endless Forms :  |b Species and Speciation /  |c Ed. de D.J. Howard, S.H. Berlocher. 
264 4 |a Nueva York, EUA :  |b Oxford University,  |c 1998, c1998 
300 |a XII, 470 p. 
336 |a texto  |b txt  |2 rdacontenido 
337 |a sin mediación  |b n  |2 rdamedio 
338 |a volumen  |b nc  |2 rdasoporte 
649 |a XX 
650 |a Especies 
650 |a Variación (Biología) 
650 |a Evolución 
650 |a Biología 
700 |a Berlocher, Stewart H.  |e (edición) 
910 |a Fondo General 
920 |a Impresos - Libros 
930 |a Colección General 
905 |a 101 
901 |a 0500125698  |b IT1  |c ACC  |u 20250521 
902 |a https://opac.biblio.iteso.mx/vufind/Record/000184599